The greatest games of all time /

Saved in:
Bibliographic Details
Main Author: Costello, Matthew J.
Format: Book
Language:English
Published: New York : J. Wiley, c1991.
Series:Wiley science editions.
Subjects:
Tags: Add Tag
No Tags, Be the first to tag this record!
LEADER 00741pam a2200265 a 4500
001 002425659-5
005 20020606093309.7
008 910116s1991 nyua 00110 eng
010 |a  91007591  
020 |a 0471529753 :  |c $12.95 
035 0 |a ocm23049635 
040 |a DLC  |c DLC  |d DLC 
050 0 0 |a GV1200  |b .C67 1991 
082 0 0 |a 793  |2 20 
100 1 |a Costello, Matthew J. 
245 1 4 |a The greatest games of all time /  |c Matthew J. Costello. 
260 0 |a New York :  |b J. Wiley,  |c c1991. 
300 |a xiii, 178 p. :  |b ill. ;  |c 26 cm. 
490 1 |a Wiley science editions 
500 |a Includes index. 
650 0 |a Games  |x History. 
650 0 |a Board games  |x History. 
830 0 |a Wiley science editions. 
988 |a 20020608 
906 |0 DLC